[Event "SVR-op 36th"]
[Site "Idar Oberstein"]
[Date "2013.03.24"]
[Round "3"]
[White "Fritsch, Alexander"]
[Black "Marquardt, Christian"]
[Result "0-1"]
[WhiteElo "1461"]
[BlackElo "2075"]
[PlyCount "28"]
[EventDate "2013.03.23"]
[EventType "swiss"]
[EventRounds "7"]
[EventCountry "GER"]
[SourceTitle "EXT 2014"]
[Source "ChessBase"]
[SourceDate "2013.11.20"]
[SourceVersion "1"]
[SourceVersionDate "2013.11.20"]
[SourceQuality "1"]

1. c4 Nf6 2. d4 e6 3. Nf3 b6 4. Nc3 Bb7 5. Bg5 Be7 6. Qc2 d5 7. e3 0-0 8. Bd3 Nbd7 9. Ne5 Nxe5 10. dxe5 Ne4 11. Bxe7 Qxe7 12. cxd5 exd5 13. Nxe4 dxe4 14. Bxe4 Qb4+ 0-1